000 00875cam a2200265 4500
001 D2772
008 090401t1985 xxu||||| |||| 00| 0 eng d
035 _a(Sirsi) u70532
041 _aeng
041 0 _aeng
050 0 4 _a692.3 $2 18
110 2 _aRoyal Institute of British Architects
_92527
245 0 0 _aProduction drawing
_bdraft code of procedure for the building industry: draft for comment, September 1984.
260 _aLondon
_bCCPI
_c1985
300 _aii, 76p.
_bill.
_c30cm.
350 _a0
651 4 _aUnited Kingdom
_y
690 _aBUILT ENVIRONMENT-BUILDING STANDARDS
710 2 _aRoyal Institution of Chartered Surveyors
_94900
710 2 _aAssociation of Consulting Engineers
_91225
710 2 _aBuilding Employers Confederation
_91705
710 2 _aCo-ordinating Committee For Project Information
_92751
942 _n0
948 _c04/03/1997
999 _c95335
_d95335